| 000 | 01613nam a2200457 c 4500 | ||
|---|---|---|---|
| 001 | 20024 | ||
| 003 | ES-MaCES | ||
| 005 | 20141221122635.0 | ||
| 008 | 070507s2007 sp t o000 | spa d | ||
| 017 |
_aM 4106-2007 _bDL |
||
| 020 | _a9788496809017 | ||
| 020 | _a9788496518872 | ||
| 035 | _aCES20070005241m | ||
| 040 |
_aES-MaCES _bspa _cES-MaCES |
||
| 245 | 0 | 3 |
_aLa Ley de servicios de la sociedad de la información y el comercio electrónico _cdirector, Antonio Salas Carceller |
| 260 |
_aMadrid _bConsejo General del Poder Judicial _c[2007] |
||
| 300 |
_a299 p. _c22 cm |
||
| 490 | 1 |
_aCuadernos de derecho judicial _v5-2006 |
|
| 541 | _cGratuito | ||
| 610 | 1 | 4 |
_aEspaña _tLey de servicios de la sociedad de la información y de comercio electrónico _d2002 _93057 |
| 650 | 4 |
_asociedad _927269 |
|
| 650 | 4 |
_atecnología de la información _930104 |
|
| 650 | 4 |
_aInternet _930572 |
|
| 650 | 4 |
_acomercio electrónico _931575 |
|
| 650 | 4 |
_apropiedad intelectual _929444 |
|
| 650 | 4 |
_aprotección de los datos _929496 |
|
| 650 | 4 |
_adelito _927046 |
|
| 650 | 4 |
_ainformática _928873 |
|
| 650 | 4 |
_apublicidad _927939 |
|
| 650 | 4 |
_aEspaña _926964 |
|
| 650 | 4 |
_alegislación _927153 |
|
| 650 | 4 |
_acomentario _928971 |
|
| 653 | 1 | 0 | _aTransporte-Comunicaciones |
| 700 | 1 |
_aGarcía Ortiz, Lourdes _edir. _913012 |
|
| 700 | 1 |
_aLópez Anguita, Begoña _edir. _916827 |
|
| 710 | 1 |
_aEspaña _bConsejo General del Poder Judicial _eed. _92750 |
|
| 830 | 0 |
_aCuadernos de derecho judicial _v5-2006 _932957 |
|
| 902 | _aLIB Libro | ||
| 942 |
_2CES _cBK _h5.2. |
||
| 999 |
_c20024 _d20024 |
||